00501nam a22001577a 4500020001700000041000800017082001700025100001700042245006500059260002300124300000800147650005300155942000700208952011100215999001700326 a978818465827 aENG a283.092bCHE aChelliah A.R aBishop Vedanayagam Samuel Azariah : a life in indigenisation aDelhibISPCKc2016 a147 aMissionsaAzariah, Vedanayagam Samuel, 1874-1945 cBK 00104070aHMIbHMIcGENd2020-06-05eISPCKg225.00l0o283.092 CHEp11004336r2026-01-16w2026-01-16yBK c22929d22929